000 00290nam a22001337a 4500
008 180123b xxu||||| |||| 00| 0 eng d
020 _a9780131963160
041 _aeng
080 _25 ED
_a54
100 _a15
101 _aKIM
245 _aORGANIC CHEMISTRY
_cPAULA.Y
942 _2udc
_cBK
999 _c40787
_d40787